| 000 | 02524nam0a2200445 4500 | ||
|---|---|---|---|
| 001 | RU\NLR\bibl\1780371 | ||
| 005 | 20260406001600.0 | ||
| 010 |
_a978-5-7937-0546-2 _9500 |
||
| 021 |
_aRU _b2011-37874 _92703 |
||
| 035 | _a(nilc)RSL-KNO-004948694 | ||
| 035 | _a(NLR Aleph) 001771127 | ||
| 090 |
_a1638528 _c1638528 |
||
| 100 | _a20110531d2010 |||y0rusy50 ca | ||
| 101 | 0 | _arus | |
| 102 | _aRU | ||
| 105 | _aa ||||||||| | ||
| 200 | 1 |
_aШрифтовая реклама и верстка рекламных текстов _eучебное пособие для студентов заочной формы обучения [специальностей: 032401 "Реклама", 030602 "Связи с общественностью", 100103 "Социально-культурный сервис и туризм", 032401 "Документирование и документационное обеспечение управления"] _fВ.А. Андреева _gМ-во образования и науки Рос. Федерации, Гос. образоват. учреждение высш. проф. образования "Санкт-Петербургский гос. ун-т технологии и дизайна" |
|
| 210 |
_aСанкт-Петербург _cСПГУТД _d2010 |
||
| 215 |
_a192 с. _cил., табл., факс. _d20 |
||
| 320 | _aБиблиогр.: с. 162-165 (47 назв.) | ||
| 606 | 1 |
_aШрифты _jУчебные издания для высших учебных заведений _9894310 _3RU\NLR\auth\663769 |
|
| 606 | 1 |
_aРеклама в издательском деле _jУчебные издания для высших учебных заведений _91901763 _3RU\NLR\auth\66865863 |
|
| 610 | 0 | _aрекламные тексты | |
| 610 | 0 | _aрекламная печатная продукция | |
| 610 | 0 | _aпечатная реклама | |
| 686 |
_aЧ611.626я73-1 _2rubbk |
||
| 686 |
_aЧ617.1,6(2)671я73-1 _2rubbk |
||
| 686 |
_aМ893я738-1 _2rubbk |
||
| 686 |
_aМ801.16я738-1 _2rubbk |
||
| 686 | _aЩ150.486я73 | ||
| 686 | _aЧ600.0я73 | ||
| 686 | _aЧ617я73 | ||
| 700 | 1 |
_4070 _8rus _7ca _aАндреева _bВ. А. _cканд. искусствоведения _gВера Александровна _3RU\NLR\auth\77111135 _994060 |
|
| 801 | 0 |
_aRU _bRuMoRKP _c20110531 _grcr |
|
| 801 | 1 |
_aRU _bРГБ _c20110531 |
|
| 801 | 2 |
_aRU _bNLR _c20110616 _grcr |
|
| 830 | _aавт. раскрыт по кн. | ||
| 942 | _cBOOK | ||
| 980 | _aNB | ||